000 002870000a22001090004500
100 1 _aMurnyak, Dennis
245 1 0 _aEl papel de los motivadores voluntarios en el desarrollo
300 _aNúm 43 (2000), Páginas 2-5
700 1 _aMurnyak, Meredith
773 0 _tPaso a paso
942 _cANA
999 _c52528
_d52528